Middle East on a shoestring /

محفوظ في:

التنسيق: كتاب

اللغة: English

منشور في: Hawthorne, Vic, Australia : Lonely Planet Publications, 1994.

الطبعة: 1st ed.

سلاسل: Lonely Planet on a shoestring.

الموضوعات:

الوسوم: إضافة وسم

لا توجد وسوم, كن أول من يضع وسما على هذه التسجيلة!

رقم الطلب: DS43 .M53 1994

LEADER 00621nam a2200205Ia 4500
003 OSt
005 20260309091808.0
008 211223s1994 at ab 000 0 eng d
020 |a 0864422083 
040 |c ARCE Library 
050 4 |a DS43 .M53 1994 
245 0 0 |a Middle East on a shoestring /   |c Tom Brosnahan [and others]. 
250 |a 1st ed. 
264 1 |a Hawthorne, Vic, Australia :   |b Lonely Planet Publications,   |c 1994. 
300 |a 763 pages :   |b illustrations, maps ;   |c 19 cm. 
490 0 |a Lonely Planet on a shoestring. 
651 0 |a Middle East   |v Guidebooks. 
901 |a reviewed 
942 |2 lcc  |c BK 
999 |c 41065  |d 41065